000 00396nam a2200109Ia 4500
008 160531s9999 xx 000 0 und d
100 _aLowey, Susan E.
245 _aNursing Care at the End of Life: What Every Clinician Should Know
245 _cSusan E. Lowey
260 _c2015
856 _uhttp://www.oercommons.org/courses/nursing-care-at-the-end-of-life-what-every-clinician-should-know/view
999 _c295340
_d295340